|
|
|
|
| LEADER |
01669nam a2200337 a 4500 |
| 001 |
14023374 |
| 003 |
BD-DhAAL |
| 005 |
20250713151441.0 |
| 008 |
091113s2006 caua b 001 0 eng d |
| 010 |
|
|
|a 2005019006
|
| 020 |
|
|
|a 9788132100881 (pb)
|
| 020 |
|
|
|a 1412913721 (cloth)
|
| 020 |
|
|
|a 141291373X (pbk.)
|
| 040 |
|
|
|a DLC
|c DLC
|d DLC
|d BD-DhAAL
|
| 082 |
0 |
0 |
|a 658.4/08
|2 22
|
| 100 |
1 |
|
|a Werther, William B.
|9 58704
|
| 245 |
1 |
0 |
|a Strategic corporate social responsibility :
|b stakeholders in a global environment /
|c William B. Werther, Jr., David Chandler.
|
| 260 |
|
|
|a Thousand Oaks ;
|a New Delhi :
|b SAGE Publications,
|c 2009.
|
| 300 |
|
|
|a xxiv, 356 pages :
|b illustrations ;
|c 24 cm.
|
| 504 |
|
|
|a Includes bibliographical references and index.
|
| 526 |
|
|
|x Requisitioned by Faculties of BBS
Course name and no : N/A
|
| 541 |
1 |
|
|a Karim International
|e 00019573
|
| 650 |
|
0 |
|a Social responsibility of business.
|
| 650 |
|
0 |
|a Social responsibility of business
|v Case studies.
|9 58705
|
| 650 |
|
0 |
|a Management.
|
| 700 |
1 |
|
|a Chandler, David,
|d 1969-
|9 58706
|
| 852 |
4 |
|
|a Ayesha Abed Library
|j General Shelf
|
| 942 |
|
|
|2 ddc
|c BK
|
| 999 |
|
|
|c 5475
|d 5475
|
| 952 |
|
|
|0 0
|1 0
|2 ddc
|4 0
|6 658_408000000000000_WER
|7 0
|9 5348
|a BRACUL
|b BRACUL
|c GEN
|d 2009-11-11
|e Karim Interantional
|g 597.00
|l 0
|o 658.408 WER
|p 3010019573
|r 2009-11-12
|t 1
|w 2009-11-12
|y BK
|x Requisitioned by Faculties of BBS. Course name and no. "not available".
|
| 952 |
|
|
|0 0
|1 0
|2 ddc
|4 0
|6 658_408000000000000_WER
|7 0
|9 5379
|a BRACUL
|b BRACUL
|c GEN
|d 2009-11-14
|e Karim Interantional
|g 597.00
|l 1
|o 658.408 WER
|p 3010019591
|r 2016-09-07
|s 2016-09-07
|t 2
|y BK
|x Requisitioned by Faculties of BBS. Course name and no. "not available".
|